000 00303nam a2200145Ia 4500
100 _aLento/ Robert
650 _aCarpentery
942 _cBK
654 _aWoodworking
245 _aWoodworking
260 _bprentice hall
_aNew Jersey
_c1979
082 _a684.08
300 _a543
546 _aENGLISH
999 _c32649
_d32649